Joint agency statement and guidance on deer fencing (Record no. 107616)
[ view plain ]
| 000 -LEADER | |
|---|---|
| fixed length control field | 01051cad a22001815a 4500 |
| 001 - CONTROL NUMBER | |
| control field | E141232 |
| 008 - FIXED-LENGTH DATA ELEMENTS--GENERAL INFORMATION | |
| fixed length control field | 071105n2006 stk f s000 0 eng d |
| 035 ## - SYSTEM CONTROL NUMBER | |
| System control number | (Sirsi) u141232 |
| 041 0# - LANGUAGE CODE | |
| Language code of text/sound track or separate title | eng |
| 110 1# - MAIN ENTRY--CORPORATE NAME | |
| Corporate name or jurisdiction name as entry element | Scotland |
| Subordinate unit | Scottish Executive |
| 9 (RLIN) | 4769 |
| 245 04 - TITLE STATEMENT | |
| Title | Joint agency statement and guidance on deer fencing |
| Medium | [electronic resource] |
| 260 ## - PUBLICATION, DISTRIBUTION, ETC. | |
| Place of publication, distribution, etc. | Edinburgh |
| Name of publisher, distributor, etc. | Scottish Executive |
| Date of publication, distribution, etc. | 2004 |
| 520 ## - SUMMARY, ETC. | |
| Summary, etc. | Seeks to promote best practice and assist both private individuals and public sector agencies in deciding whether to fund and/or permit deer fencing. Deer fencing can serve a useful purpose for controlling deer, helping to achieve environmental objectives and preventing deer causing a public hazard. Includes references and further reading. |
| 651 #4 - SUBJECT ADDED ENTRY--GEOGRAPHIC NAME | |
| Geographic name | Scotland |
| Chronological subdivision | 1999- |
| 690 ## - LOCAL SUBJECT ADDED ENTRY--TOPICAL TERM (OCLC, RLIN) | |
| Topical term or geographic name as entry element | ENVIRONMENTAL AND LAND CONSULTANCY-FORESTRY AND WOODLAND MANAGEMENT |
| 856 41 - ELECTRONIC LOCATION AND ACCESS | |
| Uniform Resource Identifier | <a href="https://www.snh.org.uk/pdfs/publications/dcs/joint%20agency%20statement%20and%20guidance%20on%20deer%20fencing.pdf">https://www.snh.org.uk/pdfs/publications/dcs/joint%20agency%20statement%20and%20guidance%20on%20deer%20fencing.pdf</a> |
| Public note | View the document free of charge at www.snh.org.uk |
| 942 ## - ADDED ENTRY ELEMENTS (KOHA) | |
| Suppress in OPAC | 0 |
| Withdrawn status | Lost status | Source of classification or shelving scheme | Damaged status | Not for loan | Home library | Current library | Shelving location | Date acquired | Total Checkouts | Full call number | Barcode | Date last seen | Copy number | Price effective from | Koha item type |
|---|---|---|---|---|---|---|---|---|---|---|---|---|---|---|---|
| Dewey Decimal Classification | Virtual | Virtual | Online | 05/11/2007 | ONLINE PUBLICATION | 141232-2001 | 06/08/2019 | 1 | 06/08/2019 | Book |